Halloween fraidy cat / (Record no. 977)

MARC details
000 -LEADER
fixed length control field 01054nam a22003137a 4500
005 - DATE AND TIME OF LATEST TRANSACTION
control field 20250723113720.0
020 ## - INTERNATIONAL STANDARD BOOK NUMBER
International Standard Book Number 0439784573 (alk. paper)
040 ## - CATALOGING SOURCE
Original cataloging agency DLC
Transcribing agency DLC
Language of cataloging eng
Modifying agency DLC
050 00 - LIBRARY OF CONGRESS CALL NUMBER
Classification number PZ7.K678323
Item number Hal 2006
082 00 - DEWEY DECIMAL CLASSIFICATION NUMBER
Classification number 464
Edition number 22
100 1# - MAIN ENTRY--PERSONAL NAME
Personal name Klein, Abby.
245 10 - TITLE STATEMENT
Title Halloween fraidy cat /
Statement of responsibility, etc. by Abby Klein ; illustrated by John McKinley.
250 ## - EDITION STATEMENT
Edition statement First printing, August 2006.
260 ## - PUBLICATION, DISTRIBUTION, ETC.
Place of publication, distribution, etc. New York :
Name of publisher, distributor, etc. Scholastic,
Date of publication, distribution, etc. 2006.
300 ## - PHYSICAL DESCRIPTION
Extent 95 pages :
Other physical details illustrations ;
Dimensions 20 cm.
490 1# - SERIES STATEMENT
Series statement Ready, Freddy!
505 ## - FORMATTED CONTENTS NOTE
Formatted contents note N <br/><br/>
520 ## - SUMMARY, ETC.
Summary, etc. Freddy is apprehensive about the haunted house that Chloe plans to have at her Halloween party but tries to hide his fear from his classmates.
521 ## - TARGET AUDIENCE NOTE
Target audience note 570 <br/>
Source Lexile <br/>
521 ## - TARGET AUDIENCE NOTE
Target audience note N <br/>
Source Raz-Plus <br/>
650 #1 - SUBJECT ADDED ENTRY--TOPICAL TERM
Topical term or geographic name entry element Fear
Form subdivision Fiction.
650 #1 - SUBJECT ADDED ENTRY--TOPICAL TERM
Topical term or geographic name entry element Haunted houses
Form subdivision Fiction.
650 #1 - SUBJECT ADDED ENTRY--TOPICAL TERM
Topical term or geographic name entry element Halloween
Form subdivision Fiction.
650 #1 - SUBJECT ADDED ENTRY--TOPICAL TERM
Topical term or geographic name entry element Parties
Form subdivision Fiction.
700 1# - ADDED ENTRY--PERSONAL NAME
Personal name McKinley, John,
Dates associated with a name 1956-
Relator term illustrator.
906 ## - LOCAL DATA ELEMENT F, LDF (RLIN)
a 7
b cbc
c orignew
d 1
e ecip
f 20
g y-gencatlg
942 ## - ADDED ENTRY ELEMENTS (KOHA)
Source of classification or shelving scheme Dewey Decimal Classification
Koha item type Books
Suppress in OPAC No
999 ## -
-- 977
-- 977
Holdings
Withdrawn status Lost status Source of classification or shelving scheme Damaged status Not for loan Collection Home library Current library Shelving location Date acquired Total Checkouts Full call number Barcode Date last seen Date last checked out Price effective from Koha item type Date due Copy number
    Dewey Decimal Classification     Juvenile Fiction Footprints International School Library Network Toul Kork Campus Footprints International School Library Network Toul Kork Campus TK Primary Library Room(4th Floor), Bookcase 3&4, Shelves 17-32, Yellow Books 07/17/2023 4 KLE Fic 464 PZ7.K678323 FISTK00572 04/24/2026 04/23/2026 07/17/2023 Books    
    Dewey Decimal Classification     Juvenile Fiction Footprints International School Library Network Toul Tom Poung Campus Footprints International School Library Network Toul Kork Campus TTP Primary Yellow Bookshelves 07/23/2025 1 KLE Fic 464 PZ7.K678323 FIS03134 12/18/2025 12/18/2025 07/23/2025 Books 01/01/2026 2